[Event "IRL-ch 100th Weekend op"]
[Site "Dublin"]
[Date "2021.08.07"]
[Round "2"]
[White "O'Neill, Paul Sean"]
[Black "Harrington, Eoin"]
[Result "1/2-1/2"]
[WhiteElo "1974"]
[BlackElo "1587"]
[PlyCount "135"]
[EventDate "2021.08.06"]
[EventType "swiss"]
[EventRounds "5"]
[EventCountry "IRL"]
[SourceTitle "EXT 2022"]
[Source "ChessBase"]
[SourceDate "2021.10.06"]
[SourceVersion "1"]
[SourceVersionDate "2021.10.06"]
[SourceQuality "1"]

1. d4 Nf6 2. g3 d5 3. Bg2 Bf5 4. Nf3 e6 5. 0-0 c5 6. Bg5 Qb6 7. c4 Qxb2 8. Qa4+ Nc6 9. cxd5 Nxd5 10. Nbd2 Nc3 11. Qc4 Na5 12. Qxc3 Qxc3 13. Rfc1 Qa3 14. e4 Bg6 15. Be3 Be7 16. dxc5 Rc8 17. Nd4 a6 18. N2b3 0-0 19. Bd2 Nc6 20. Nc2 Qb2 21. Ne3 Qf6 22. Ng4 Qxa1 23. Rxa1 Rfd8 24. Rc1 h5 25. Ne3 Nd4 26. Nxd4 Rxd4 27. Nf1 Rxc5 28. Rb1 Rb5 29. Rc1 Bxe4 30. Rc8+ Kh7 31. Rc7 Bxg2 32. Kxg2 Bf6 33. Rxf7 e5 34. a3 Rd3 35. a4 Rb1 36. Be3 Ra3 37. Nd2 Rd1 38. Ne4 Kg6 39. Rxb7 Rd8 40. Nc5 Rd6 41. h3 Rc6 42. Nd7 Rxa4 43. Kf3 e4+ 44. Kg2 Kf5 45. Nc5 Ra3 46. Nd7 Rd3 47. Nb8 Rc2 48. Kg1 Bd4 49. g4+ hxg4 50. hxg4+ Kxg4 51. Bxd4 Rxd4 52. Rxg7+ Kf3 53. Rg3+ Kf4 54. Nxa6 Rd1+ 55. Kg2 Rdd2 56. Rg8 e3 57. Rf8+ Kg5 58. Nb4 Rxf2+ 59. Rxf2 Rxf2+ 60. Kg1 Rd2 61. Kf1 Kg4 62. Nc6 Kf3 63. Ne5+ Ke4 64. Nc4 Kd4 65. Nxd2 Kd3 66. Nf3 e2+ 67. Ke1 Ke3 68. Ng1 1/2-1/2

[Event "IRL-ch 100th Weekday op"]
[Site "Dublin"]
[Date "2021.08.02"]
[Round "1"]
[White "Keenan, Cathal"]
[Black "Harrington, Eoin"]
[Result "1-0"]
[WhiteElo "700"]
[BlackElo "1587"]
[PlyCount "53"]
[EventDate "2021.08.02"]
[EventType "swiss"]
[EventRounds "5"]
[EventCountry "IRL"]
[SourceTitle "EXT 2022"]
[Source "ChessBase"]
[SourceDate "2021.10.06"]
[SourceVersion "1"]
[SourceVersionDate "2021.10.06"]
[SourceQuality "1"]

1. e4 c6 2. d4 d5 3. e5 Bf5 4. Nc3 e6 5. g4 Bg6 6. Nge2 c5 7. h4 cxd4 8. Nxd4 h5 9. Bb5+ Nd7 10. f4 hxg4 11. f5 Rxh4 12. 0-0 Bxf5 13. Nxf5 exf5 14. Qxd5 Qb6+ 15. Kg2 0-0-0 16. Qxf7 Nh6 17. Bxd7+ Rxd7 18. Qxf8+ Rd8 19. Qe7 Qc6+ 20. Kf2 Qf3+ 21. Ke1 Qg3+ 22. Rf2 Rh1+ 23. Ke2 Qg1 24. Bg5 Rd2+ 25. Bxd2 Qxa1 26. Qe8+ Kc7 27. Nd5# 1-0

[Event "Dublin St Andrews op-B"]
[Site "Dublin"]
[Date "2019.09.20"]
[Round "1"]
[White "Harrington, Eoin"]
[Black "Hunter, Sean"]
[Result "0-1"]
[WhiteElo "1306"]
[BlackElo "1517"]
[PlyCount "72"]
[EventDate "2019.09.20"]
[EventType "swiss"]
[EventRounds "6"]
[EventCountry "IRL"]
[SourceTitle "EXT 2020"]
[Source "ChessBase"]
[SourceDate "2019.10.17"]
[SourceVersion "1"]
[SourceVersionDate "2019.10.17"]
[SourceQuality "1"]

1. e4 e5 2. Nf3 Nc6 3. Bb5 Nf6 4. 0-0 d6 5. Re1 Be7 6. c3 0-0 7. h3 a6 8. Ba4 b5 9. Bc2 Re8 10. d4 Bb7 11. Nbd2 Bf8 12. Nf1 exd4 13. cxd4 Nb4 14. Ng3 Nxc2 15. Qxc2 c5 16. dxc5 dxc5 17. Bg5 h6 18. Rad1 Qb6 19. Bc1 Rad8 20. Rxd8 Rxd8 21. b3 Rc8 22. Bb2 c4 23. Bd4 Bc5 24. Nf5 Kh8 25. Bxc5 Rxc5 26. b4 Rc7 27. Qc3 Rd7 28. Ne5 Rc7 29. Ng4 Kh7 30. Qg3 Nxe4 31. Rxe4 Bxe4 32. Qe5 Bxf5 33. Qxf5+ Kg8 34. Qe5 Rc8 35. Qf5 Qe6 36. Qf3 c3 0-1

[Event "Dublin Irish op"]
[Site "Dublin"]
[Date "2019.04.18"]
[Round "2"]
[White "Harrington, Eoin"]
[Black "Hafstad, Leif"]
[Result "0-1"]
[WhiteElo "1585"]
[BlackElo "1857"]
[PlyCount "84"]
[EventDate "2019.04.17"]
[EventType "swiss"]
[EventRounds "9"]
[EventCountry "IRL"]
[SourceTitle "CBM 190 Extra"]
[Source "ChessBase"]
[SourceDate "2019.07.15"]
[SourceVersion "1"]
[SourceVersionDate "2019.07.15"]
[SourceQuality "1"]

1. e4 c5 2. Nc3 e6 3. f4 Nc6 4. Nf3 d5 5. Bb5 Nge7 6. Qe2 d4 7. Nd1 a6 8. Bxc6+ Nxc6 9. d3 b5 10. 0-0 Be7 11. Nf2 Qc7 12. e5 Bb7 13. Ne4 h6 14. Bd2 Rd8 15. Qf2 Nb4 16. Bxb4 cxb4 17. Rae1 Bc5 18. Qg3 Bxe4 19. Rxe4 0-0 20. Nh4 Kh7 21. f5 exf5 22. Nxf5 g6 23. Nxh6 Qe7 24. Nf5 Qe6 25. Qh4+ Kg8 26. Nh6+ Kg7 27. Ng4 Rh8 28. Qf6+ Qxf6 29. Rxf6 a5 30. e6 Rdf8 31. Rxf7+ Rxf7 32. exf7 Kxf7 33. Re5 Rh5 34. Kf2 Bd6 35. Re4 Rf5+ 36. Ke2 Rd5 37. h3 a4 38. Nf2 g5 39. Nd1 Be7 40. g4 Bf6 41. Kf2 Rc5 42. Re2 Rc6 0-1